[Event "45th FIDE Chess Olympiad Open"]
[Site "Budapest, Hungary"]
[Date "2024.09.20"]
[Round "9"]
[White "Ssegwanyi, Arthur"]
[Black "Asabri, Hussien"]
[Result "1-0"]
[Board "217"]
[WhiteFideId "10000100"]
[BlackFideId "9200177"]
[WhiteTitle "IM"]
[BlackTitle "FM"]
[WhiteElo "2365"]
[BlackElo "2196"]
[WhiteTeam "Uganda"]
[BlackTeam "Libya"]
[WhiteClock "0:16:08"]
[BlackClock "0:03:10"]
[Variant "Standard"]

1. e4 {[%clk 1:30:57]}  e5 {[%clk 1:30:33]} 2. Nf3 {[%clk 1:31:18]}  Nc6 {[%clk 1:30:53]} 3. Nc3 {[%clk 1:31:41]}  Nf6 {[%clk 1:30:29]} 4. Bb5 {[%clk 1:31:58]}  Nd4 {[%clk 1:29:38]} 5. O-O {[%clk 1:32:08]}  Bc5 {[%clk 1:29:57]} 6. Nxe5 {[%clk 1:09:31]}  O-O {[%clk 1:29:32]} 7. Nd3 {[%clk 1:09:52]}  Bb6 {[%clk 1:29:41]} 8. e5 {[%clk 1:09:35]}  Ne8 {[%clk 1:29:15]} 9. Bc4 {[%clk 1:07:38]}  d6 {[%clk 1:21:02]} 10. Nd5 {[%clk 1:07:39]}  Bf5 {[%clk 1:18:14]} 11. Ne3 {[%clk 1:05:54]}  Be4 {[%clk 1:09:49]} 12. exd6 {[%clk 1:01:05]}  Nxd6 {[%clk 1:05:18]} 13. Ne1 {[%clk 1:01:17]}  Qh4 {[%clk 0:53:12]} 14. d3 {[%clk 0:57:45]}  Bc6 {[%clk 0:48:07]} 15. Bd5 {[%clk 0:57:24]}  Rae8 {[%clk 0:42:39]} 16. Nf3 {[%clk 0:56:36]}  Qf6 {[%clk 0:34:45]} 17. Nxd4 {[%clk 0:46:38]}  Bxd4 {[%clk 0:34:54]} 18. Bxc6 {[%clk 0:44:36]}  bxc6 {[%clk 0:30:21]} 19. c3 {[%clk 0:44:46]}  Bb6 {[%clk 0:29:22]} 20. Qa4 {[%clk 0:38:10]}  Qg6 {[%clk 0:27:37]} 21. d4 {[%clk 0:37:37]}  f5 {[%clk 0:15:05]} 22. Nc4 {[%clk 0:35:49]}  Nxc4 {[%clk 0:08:49]} 23. Qxc4+ {[%clk 0:36:15]}  Kh8 {[%clk 0:09:11]} 24. Bf4 {[%clk 0:22:32]}  Qg4 {[%clk 0:07:33]} 25. Bg3 {[%clk 0:22:03]}  Qe2 {[%clk 0:04:02]} 26. Qxe2 {[%clk 0:20:21]}  Rxe2 {[%clk 0:04:27]} 27. Rfe1 {[%clk 0:15:20]}  Rfe8 {[%clk 0:02:50]} 28. Kf1 {[%clk 0:15:27]}  Rxe1+ {[%clk 0:01:48]} 29. Rxe1 {[%clk 0:15:27]}  Rxe1+ {[%clk 0:01:48]} 30. Kxe1 {[%clk 0:15:36]}  Kg8 {[%clk 0:01:58]} 31. b4 {[%clk 0:15:56]}  a5 {[%clk 0:01:55]} 32. a3 {[%clk 0:16:22]}  g5 {[%clk 0:02:11]} 33. Be5 {[%clk 0:16:02]}  Kf7 {[%clk 0:02:26]} 34. Ke2 {[%clk 0:16:21]}  Ke6 {[%clk 0:01:52]} 35. Kd3 {[%clk 0:15:50]}  axb4 {[%clk 0:01:49]} 36. axb4 {[%clk 0:15:25]}  Kd5 {[%clk 0:00:59]} 37. c4+ {[%clk 0:15:39]}  Ke6 {[%clk 0:01:28]} 38. c5 {[%clk 0:15:42]}  Ba7 {[%clk 0:01:57]} 39. Bxc7 {[%clk 0:15:31]}  Kd5 {[%clk 0:02:25]} 40. f3 {[%clk 0:15:46]}  h6 {[%clk 0:02:33]} 41. h3 {[%clk 0:15:53]}  h5 {[%clk 0:02:51]} 42. Be5 {[%clk 0:15:51]}  h4 {[%clk 0:02:07]} 43. Bc7 {[%clk 0:16:14]}  Ke6 {[%clk 0:02:20]} 44. Kc4 {[%clk 0:16:40]}  Kd7 {[%clk 0:02:49]} 45. Bd6 {[%clk 0:16:14]}  Ke6 {[%clk 0:03:10]} 46. Be5 {[%clk 0:16:08]} 1-0

[Event "45th FIDE Chess Olympiad Open"]
[Site "Budapest, Hungary"]
[Date "2024.09.20"]
[Round "9"]
[White "Alhassadi, Yousef A."]
[Black "Kawuma, Patrick"]
[Result "1/2-1/2"]
[Board "218"]
[WhiteFideId "9204725"]
[BlackFideId "10000127"]
[WhiteTitle "FM"]
[BlackTitle "FM"]
[WhiteElo "2082"]
[BlackElo "2207"]
[WhiteTeam "Libya"]
[BlackTeam "Uganda"]
[WhiteClock "0:12:30"]
[BlackClock "0:06:54"]
[Variant "Standard"]

1. e4 {[%clk 1:30:57]}  c5 {[%clk 1:30:30]} 2. c3 {[%clk 1:31:02]}  d5 {[%clk 1:28:33]} 3. exd5 {[%clk 1:29:42]}  Qxd5 {[%clk 1:29:01]} 4. Nf3 {[%clk 1:30:03]}  Nf6 {[%clk 1:29:14]} 5. Na3 {[%clk 1:29:36]}  a6 {[%clk 1:28:00]} 6. Be2 {[%clk 1:20:14]}  e6 {[%clk 1:27:41]} 7. Nc4 {[%clk 1:12:41]}  Nbd7 {[%clk 1:26:05]} 8. a4 {[%clk 1:08:52]}  b6 {[%clk 1:22:03]} 9. O-O {[%clk 1:05:49]}  Bb7 {[%clk 1:16:08]} 10. d3 {[%clk 1:04:26]}  Be7 {[%clk 1:13:40]} 11. Bf4 {[%clk 1:00:47]}  O-O {[%clk 1:08:25]} 12. h3 {[%clk 0:56:28]}  Qc6 {[%clk 1:03:33]} 13. Qb3 {[%clk 0:52:04]}  Rad8 {[%clk 0:51:33]} 14. Rfd1 {[%clk 0:50:46]}  Ba8 {[%clk 0:50:07]} 15. Bh2 {[%clk 0:30:28]}  Kh8 {[%clk 0:35:54]} 16. Bf1 {[%clk 0:25:10]}  Nd5 {[%clk 0:35:29]} 17. d4 {[%clk 0:21:18]}  cxd4 {[%clk 0:32:48]} 18. Nxd4 {[%clk 0:21:29]}  Qb7 {[%clk 0:31:33]} 19. Qc2 {[%clk 0:12:47]}  N7f6 {[%clk 0:29:16]} 20. Qe2 {[%clk 0:09:10]}  Qc8 {[%clk 0:24:48]} 21. Nf3 {[%clk 0:07:20]}  Bb7 {[%clk 0:20:07]} 22. Qc2 {[%clk 0:05:43]}  Bc5 {[%clk 0:13:33]} 23. Be5 {[%clk 0:04:32]}  h6 {[%clk 0:12:34]} 24. Be2 {[%clk 0:03:16]}  Qc6 {[%clk 0:08:54]} 25. Bf1 {[%clk 0:02:54]}  Nh5 {[%clk 0:08:03]} 26. b4 {[%clk 0:01:45]}  Be7 {[%clk 0:07:36]} 27. Bd4 {[%clk 0:01:21]}  Nhf4 {[%clk 0:05:45]} 28. Nfe5 {[%clk 0:01:09]}  Qc7 {[%clk 0:04:47]} 29. g3 {[%clk 0:01:14]}  Nh5 {[%clk 0:03:22]} 30. Rac1 {[%clk 0:00:55]}  Kg8 {[%clk 0:02:04]} 31. Be2 {[%clk 0:01:11]}  Nhf6 {[%clk 0:02:24]} 32. Bf3 {[%clk 0:00:34]}  Rc8 {[%clk 0:01:29]} 33. Qb3 {[%clk 0:00:42]}  Rfd8 {[%clk 0:00:45]} 34. Kh2 {[%clk 0:00:59]}  Re8 {[%clk 0:00:37]} 35. Re1 {[%clk 0:00:56]}  Bd8 {[%clk 0:00:37]} 36. Nd2 {[%clk 0:00:49]}  Be7 {[%clk 0:00:40]} 37. Ndc4 {[%clk 0:00:49]}  Qb8 {[%clk 0:00:39]} 38. Nd3 {[%clk 0:00:32]}  Nxb4 {[%clk 0:00:33]} 39. Bxb7 {[%clk 0:00:38]}  Nxd3 {[%clk 0:00:54]} 40. Bxc8 {[%clk 0:00:57]}  Nxc1 {[%clk 0:00:59]} 41. Rxc1 {[%clk 0:01:17]}  Rxc8 {[%clk 0:00:43]} 42. Nxb6 {[%clk 0:21:04]}  Bc5 {[%clk 0:25:30]} 43. Rb1 {[%clk 0:18:22]}  Rc6 {[%clk 0:25:33]} 44. Bxc5 {[%clk 0:18:08]}  Rxc5 {[%clk 0:26:00]} 45. Nd7 {[%clk 0:14:43]}  Nxd7 {[%clk 0:26:04]} 46. Qxb8+ {[%clk 0:15:04]}  Nxb8 {[%clk 0:26:31]} 47. Rxb8+ {[%clk 0:15:20]}  Kh7 {[%clk 0:26:59]} 48. Rb6 {[%clk 0:15:28]}  Rxc3 {[%clk 0:27:05]} 49. Rxa6 {[%clk 0:15:50]}  Ra3 {[%clk 0:26:51]} 50. a5 {[%clk 0:15:45]}  h5 {[%clk 0:25:55]} 51. h4 {[%clk 0:16:04]}  Kg6 {[%clk 0:26:13]} 52. Kg2 {[%clk 0:16:14]}  Kf6 {[%clk 0:26:05]} 53. Ra7 {[%clk 0:16:31]}  e5 {[%clk 0:25:03]} 54. a6 {[%clk 0:16:55]}  g6 {[%clk 0:24:31]} 55. Ra8 {[%clk 0:16:58]}  Kf5 {[%clk 0:24:52]} 56. Rf8 {[%clk 0:14:58]}  Kf6 {[%clk 0:25:00]} 57. Ra8 {[%clk 0:15:22]}  Kf5 {[%clk 0:24:45]} 58. Rf8 {[%clk 0:15:34]}  Ke6 {[%clk 0:16:35]} 59. Ra8 {[%clk 0:15:57]}  Ra2 {[%clk 0:11:09]} 60. Kf3 {[%clk 0:16:10]}  Kf5 {[%clk 0:11:16]} 61. Rf8 {[%clk 0:15:21]}  Ra3+ {[%clk 0:06:34]} 62. Kg2 {[%clk 0:15:03]}  f6 {[%clk 0:06:43]} 63. Ra8 {[%clk 0:15:26]}  Ra2 {[%clk 0:06:54]} 64. Kf3 {[%clk 0:12:30]} 1/2-1/2

[Event "45th FIDE Chess Olympiad Open"]
[Site "Budapest, Hungary"]
[Date "2024.09.20"]
[Round "9"]
[White "Egesa emmanuel"]
[Black "Naser Eldean,Ahmed"]
[Result "0-1"]
[Board "219"]
[WhiteFideId "10009019"]
[BlackFideId "9205365"]
[WhiteTitle "CM"]
[WhiteElo "2128"]
[BlackElo "1981"]
[WhiteTeam "Uganda"]
[BlackTeam "Libya"]
[WhiteClock "0:01:51"]
[BlackClock "0:26:36"]
[Variant "Standard"]

1. d4 {[%clk 1:30:34]}  Nf6 {[%clk 1:30:53]} 2. c4 {[%clk 1:30:59]}  g6 {[%clk 1:31:17]} 3. Nc3 {[%clk 1:31:21]}  Bg7 {[%clk 1:31:41]} 4. e4 {[%clk 1:31:39]}  d6 {[%clk 1:32:07]} 5. f3 {[%clk 1:31:35]}  c6 {[%clk 1:32:23]} 6. Be3 {[%clk 1:30:16]}  a6 {[%clk 1:32:38]} 7. a4 {[%clk 1:28:00]}  a5 {[%clk 1:25:14]} 8. Bd3 {[%clk 1:27:06]}  Na6 {[%clk 1:25:36]} 9. Nge2 {[%clk 1:27:18]}  e5 {[%clk 1:25:08]} 10. d5 {[%clk 1:26:45]}  Nd7 {[%clk 1:24:28]} 11. Qd2 {[%clk 1:15:16]}  Ndc5 {[%clk 1:24:28]} 12. Bc2 {[%clk 1:15:29]}  Nb4 {[%clk 1:22:31]} 13. Rd1 {[%clk 1:12:59]}  O-O {[%clk 1:22:06]} 14. dxc6 {[%clk 1:10:44]}  Qh4+ {[%clk 1:19:43]} 15. Ng3 {[%clk 1:01:47]}  bxc6 {[%clk 1:09:17]} 16. Bb1 {[%clk 0:53:53]}  Nb3 {[%clk 1:04:34]} 17. Qf2 {[%clk 0:39:30]}  Be6 {[%clk 0:57:19]} 18. Rxd6 {[%clk 0:32:27]}  Bxc4 {[%clk 0:57:38]} 19. Nge2 {[%clk 0:32:03]}  Qe7 {[%clk 0:54:36]} 20. Rd1 {[%clk 0:30:42]}  c5 {[%clk 0:52:44]} 21. O-O {[%clk 0:25:47]}  Nd4 {[%clk 0:53:04]} 22. Rfe1 {[%clk 0:22:18]}  Rfc8 {[%clk 0:48:52]} 23. Nc1 {[%clk 0:20:24]}  Rab8 {[%clk 0:40:55]} 24. f4 {[%clk 0:15:38]}  f6 {[%clk 0:34:08]} 25. Rd2 {[%clk 0:07:56]}  Rb6 {[%clk 0:34:21]} 26. Ba2 {[%clk 0:05:16]}  Nxa2 {[%clk 0:33:22]} 27. N1xa2 {[%clk 0:04:42]}  Qb7 {[%clk 0:32:27]} 28. Rb1 {[%clk 0:01:52]}  Rb8 {[%clk 0:32:44]} 29. Nc1 {[%clk 0:02:06]}  Qd7 {[%clk 0:28:01]} 30. h3 {[%clk 0:02:13]}  Bh6 {[%clk 0:27:23]} 31. Qh4 {[%clk 0:01:30]}  Kg7 {[%clk 0:24:25]} 32. Qf2 {[%clk 0:01:40]}  Rd6 {[%clk 0:24:12]} 33. Kh1 {[%clk 0:01:26]}  Rb4 {[%clk 0:19:45]} 34. Nd3 {[%clk 0:00:49]}  Nb3 {[%clk 0:18:44]} 35. Nxc5 {[%clk 0:00:33]}  Rxd2 {[%clk 0:17:08]} 36. Nxd7 {[%clk 0:00:47]}  Rxf2 {[%clk 0:17:30]} 37. Bxf2 {[%clk 0:01:15]}  Bxf4 {[%clk 0:17:41]} 38. Rd1 {[%clk 0:00:51]}  Nd2 {[%clk 0:17:29]} 39. Bb6 {[%clk 0:00:59]}  Rxb2 {[%clk 0:14:07]} 40. Bxa5 {[%clk 0:01:05]}  Bb3 {[%clk 0:12:59]} 41. Ra1 {[%clk 0:00:31]}  Bc2 {[%clk 0:09:47]} 42. Nc5 {[%clk 0:19:01]}  Kf7 {[%clk 0:29:39]} 43. Nd1 {[%clk 0:08:34]}  Rb8 {[%clk 0:26:50]} 44. g3 {[%clk 0:00:45]}  Nxe4 {[%clk 0:25:58]} 45. gxf4 {[%clk 0:00:47]}  Nxc5 {[%clk 0:26:12]} 46. fxe5 {[%clk 0:01:02]}  Nb3 {[%clk 0:26:08]} 47. Bc7 {[%clk 0:00:34]}  Rc8 {[%clk 0:26:13]} 48. Ra2 {[%clk 0:00:32]}  Rxc7 {[%clk 0:26:07]} 49. Ne3 {[%clk 0:00:39]}  Be4+ {[%clk 0:26:19]} 50. Kh2 {[%clk 0:00:56]}  fxe5 {[%clk 0:25:54]} 51. a5 {[%clk 0:01:09]}  Ra7 {[%clk 0:25:00]} 52. a6 {[%clk 0:01:37]}  Nc5 {[%clk 0:25:07]} 53. Ra5 {[%clk 0:02:06]}  Nd7 {[%clk 0:24:16]} 54. Nc4 {[%clk 0:00:45]}  Bd3 {[%clk 0:24:22]} 55. Nxe5+ {[%clk 0:00:33]}  Nxe5 {[%clk 0:24:46]} 56. Rxe5 {[%clk 0:01:00]}  Rxa6 {[%clk 0:25:08]} 57. Re3 {[%clk 0:00:53]}  Bf5 {[%clk 0:25:28]} 58. Rc3 {[%clk 0:00:59]}  h5 {[%clk 0:25:48]} 59. Kg3 {[%clk 0:01:17]}  Rd6 {[%clk 0:26:10]} 60. Rc7+ {[%clk 0:01:30]}  Kf6 {[%clk 0:26:32]} 61. h4 {[%clk 0:01:45]}  Rd3+ {[%clk 0:26:17]} 62. Kg2 {[%clk 0:01:51]}  Rd4 {[%clk 0:26:36]} 0-1

[Event "45th FIDE Chess Olympiad Open"]
[Site "Budapest, Hungary"]
[Date "2024.09.20"]
[Round "9"]
[White "Abugenda, Nagi"]
[Black "Nyola Wasswa Mark"]
[Result "1/2-1/2"]
[Board "220"]
[WhiteFideId "9202544"]
[BlackFideId "10007660"]
[WhiteElo "1975"]
[BlackElo "2070"]
[WhiteTeam "Libya"]
[BlackTeam "Uganda"]
[WhiteClock "0:13:46"]
[BlackClock "0:12:56"]
[Variant "Standard"]

1. e4 {[%clk 1:30:41]}  e5 {[%clk 1:28:43]} 2. Nf3 {[%clk 1:26:17]}  Nc6 {[%clk 1:28:16]} 3. d4 {[%clk 1:24:49]}  exd4 {[%clk 1:28:35]} 4. Bc4 {[%clk 1:25:09]}  Nf6 {[%clk 1:28:12]} 5. e5 {[%clk 1:24:38]}  d5 {[%clk 1:28:19]} 6. Bb5 {[%clk 1:25:03]}  Ne4 {[%clk 1:28:35]} 7. Nxd4 {[%clk 1:24:32]}  Bd7 {[%clk 1:28:59]} 8. Bxc6 {[%clk 1:24:49]}  bxc6 {[%clk 1:28:39]} 9. O-O {[%clk 1:24:38]}  Bc5 {[%clk 1:27:01]} 10. Be3 {[%clk 1:22:46]}  Bb6 {[%clk 1:24:30]} 11. f3 {[%clk 1:13:39]}  Ng5 {[%clk 1:24:48]} 12. f4 {[%clk 1:13:41]}  Ne4 {[%clk 1:25:09]} 13. Nd2 {[%clk 1:13:04]}  Nxd2 {[%clk 0:55:09]} 14. Qxd2 {[%clk 1:10:32]}  c5 {[%clk 0:54:08]} 15. Nf3 {[%clk 1:08:12]}  d4 {[%clk 0:53:11]} 16. Bf2 {[%clk 1:08:15]}  O-O {[%clk 0:51:15]} 17. Qd3 {[%clk 1:02:23]}  Qc8 {[%clk 0:43:42]} 18. Nh4 {[%clk 0:53:23]}  f5 {[%clk 0:34:13]} 19. Rfd1 {[%clk 0:44:14]}  Be6 {[%clk 0:34:08]} 20. Qh3 {[%clk 0:39:12]}  Qe8 {[%clk 0:27:14]} 21. a4 {[%clk 0:36:15]}  a5 {[%clk 0:26:25]} 22. Ra3 {[%clk 0:35:54]}  Qh5 {[%clk 0:26:09]} 23. Rd2 {[%clk 0:26:26]}  Qg4 {[%clk 0:21:46]} 24. Qf3 {[%clk 0:22:43]}  Rad8 {[%clk 0:20:27]} 25. h3 {[%clk 0:20:52]}  Qxf3 {[%clk 0:20:35]} 26. Nxf3 {[%clk 0:21:13]}  h6 {[%clk 0:19:07]} 27. Ra1 {[%clk 0:17:31]}  Rd5 {[%clk 0:14:35]} 28. Rad1 {[%clk 0:16:44]}  Rfd8 {[%clk 0:13:32]} 29. b3 {[%clk 0:15:14]}  R5d7 {[%clk 0:12:28]} 30. Bh4 {[%clk 0:13:08]}  Re8 {[%clk 0:12:27]} 31. Bf2 {[%clk 0:13:15]}  Red8 {[%clk 0:12:39]} 32. Bh4 {[%clk 0:13:29]}  Re8 {[%clk 0:12:56]} 33. Bf2 {[%clk 0:13:46]} 1/2-1/2

[Event "45th FIDE Chess Olympiad Open"]
[Site "Budapest, Hungary"]
[Date "2024.09.20"]
[Round "9"]
[White "Chinchilla, Alejandro Jose"]
[Black "Elbilia, Jacques"]
[Result "0-1"]
[Board "221"]
[WhiteFideId "8401136"]
[BlackFideId "9000127"]
[WhiteTitle "FM"]
[BlackTitle "FM"]
[WhiteElo "2113"]
[BlackElo "2343"]
[WhiteTeam "Honduras"]
[BlackTeam "Morocco"]
[WhiteClock "0:15:41"]
[BlackClock "0:35:10"]
[Variant "Standard"]

1. e4 {[%clk 1:30:57]}  e5 {[%clk 1:30:52]} 2. Nf3 {[%clk 1:31:22]}  Nc6 {[%clk 1:31:16]} 3. Bc4 {[%clk 1:31:49]}  Nf6 {[%clk 1:31:36]} 4. Ng5 {[%clk 1:31:25]}  d5 {[%clk 1:31:33]} 5. exd5 {[%clk 1:31:49]}  Na5 {[%clk 1:31:51]} 6. Bb5+ {[%clk 1:32:14]}  Bd7 {[%clk 1:32:15]} 7. Qe2 {[%clk 1:32:11]}  Be7 {[%clk 1:32:19]} 8. Nc3 {[%clk 1:21:58]}  c6 {[%clk 1:31:59]} 9. dxc6 {[%clk 1:21:45]}  Nxc6 {[%clk 1:32:23]} 10. d3 {[%clk 1:19:32]}  O-O {[%clk 1:29:53]} 11. Qd1 {[%clk 1:07:22]}  Bg4 {[%clk 1:02:15]} 12. Qd2 {[%clk 1:02:54]}  Nd4 {[%clk 1:01:06]} 13. Bc4 {[%clk 1:02:29]}  b5 {[%clk 0:58:52]} 14. h3 {[%clk 0:48:31]}  Bc8 {[%clk 0:50:24]} 15. Bb3 {[%clk 0:43:45]}  a5 {[%clk 0:48:32]} 16. Nge4 {[%clk 0:26:45]}  Bb7 {[%clk 0:47:27]} 17. Nxf6+ {[%clk 0:22:25]}  Bxf6 {[%clk 0:47:40]} 18. Ne4 {[%clk 0:21:58]}  a4 {[%clk 0:44:32]} 19. c3 {[%clk 0:22:08]}  axb3 {[%clk 0:43:59]} 20. cxd4 {[%clk 0:22:13]}  Bxe4 {[%clk 0:43:41]} 21. dxe4 {[%clk 0:22:31]}  Rxa2 {[%clk 0:43:33]} 22. Rb1 {[%clk 0:22:47]}  Ra4 {[%clk 0:39:37]} 23. O-O {[%clk 0:22:05]}  Qxd4 {[%clk 0:39:03]} 24. Qxd4 {[%clk 0:17:21]}  exd4 {[%clk 0:33:55]} 25. Rd1 {[%clk 0:17:17]}  Rc8 {[%clk 0:33:53]} 26. Rd3 {[%clk 0:17:17]}  Rac4 {[%clk 0:31:03]} 27. Bf4 {[%clk 0:17:40]}  Re8 {[%clk 0:15:28]} 28. f3 {[%clk 0:11:19]}  Be5 {[%clk 0:15:45]} 29. Bxe5 {[%clk 0:11:28]}  Rxe5 {[%clk 0:16:06]} 30. Rbd1 {[%clk 0:10:15]}  f5 {[%clk 0:15:26]} 31. Rxd4 {[%clk 0:08:16]}  fxe4 {[%clk 0:15:24]} 32. fxe4 {[%clk 0:08:25]}  Rc2 {[%clk 0:12:10]} 33. Rf1 {[%clk 0:04:11]}  h5 {[%clk 0:12:25]} 34. Rf5 {[%clk 0:04:35]}  Rxf5 {[%clk 0:12:32]} 35. exf5 {[%clk 0:05:02]}  Rxb2 {[%clk 0:12:16]} 36. Rb4 {[%clk 0:05:16]}  Kf7 {[%clk 0:12:05]} 37. Rxb5 {[%clk 0:05:39]}  Kf6 {[%clk 0:12:27]} 38. Kh2 {[%clk 0:05:59]}  h4 {[%clk 0:12:38]} 39. Rb4 {[%clk 0:01:14]}  Kg5 {[%clk 0:04:28]} 40. Rg4+ {[%clk 0:01:19]}  Kxf5 {[%clk 0:04:53]} 41. Rxh4 {[%clk 0:01:36]}  Rd2 {[%clk 0:05:15]} 42. Rb4 {[%clk 0:00:49]}  b2 {[%clk 0:05:40]} 43. Kg3 {[%clk 0:30:11]}  Ke5 {[%clk 0:36:03]} 44. h4 {[%clk 0:25:34]}  Kd5 {[%clk 0:35:32]} 45. h5 {[%clk 0:18:58]}  Kc5 {[%clk 0:34:57]} 46. Rb8 {[%clk 0:19:23]}  Kc4 {[%clk 0:35:00]} 47. Kf3 {[%clk 0:14:38]}  Rd3+ {[%clk 0:33:19]} 48. Ke4 {[%clk 0:15:03]}  Rb3 {[%clk 0:33:42]} 49. Rc8+ {[%clk 0:15:23]}  Kb4 {[%clk 0:34:00]} 50. Rb8+ {[%clk 0:15:45]}  Kc3 {[%clk 0:34:25]} 51. Rc8+ {[%clk 0:15:27]}  Kd2 {[%clk 0:34:48]} 52. Rd8+ {[%clk 0:15:41]}  Ke2 {[%clk 0:35:10]} 0-1

[Event "45th FIDE Chess Olympiad Open"]
[Site "Budapest, Hungary"]
[Date "2024.09.20"]
[Round "9"]
[White "Ouakhir, Mehdi Pierre"]
[Black "Colindres, Daniel"]
[Result "0-1"]
[Board "222"]
[WhiteFideId "9000437"]
[BlackFideId "8400040"]
[WhiteTitle "FM"]
[BlackTitle "FM"]
[WhiteElo "2191"]
[BlackElo "2079"]
[WhiteTeam "Morocco"]
[BlackTeam "Honduras"]
[WhiteClock "0:02:41"]
[BlackClock "0:33:54"]
[Variant "Standard"]

1. e3 {[%clk 1:30:51]}  d5 {[%clk 1:29:04]} 2. c4 {[%clk 1:31:15]}  e6 {[%clk 1:29:12]} 3. Nc3 {[%clk 1:31:12]}  Nf6 {[%clk 1:28:05]} 4. Nf3 {[%clk 1:26:49]}  c5 {[%clk 1:26:02]} 5. d4 {[%clk 1:21:54]}  Nc6 {[%clk 1:23:59]} 6. a3 {[%clk 1:17:07]}  Ne4 {[%clk 1:18:45]} 7. Qc2 {[%clk 1:00:13]}  Nxc3 {[%clk 1:08:13]} 8. Qxc3 {[%clk 0:57:07]}  cxd4 {[%clk 1:04:17]} 9. Nxd4 {[%clk 0:53:22]}  Be7 {[%clk 0:57:55]} 10. Nxc6 {[%clk 0:50:34]}  bxc6 {[%clk 0:58:15]} 11. Qxg7 {[%clk 0:47:28]}  Bf6 {[%clk 0:55:37]} 12. Qg3 {[%clk 0:47:52]}  Qb6 {[%clk 0:54:26]} 13. e4 {[%clk 0:34:46]}  dxe4 {[%clk 0:51:30]} 14. Be2 {[%clk 0:31:32]}  Bxb2 {[%clk 0:49:03]} 15. Rb1 {[%clk 0:25:07]}  Qa5+ {[%clk 0:49:22]} 16. Bd2 {[%clk 0:25:34]}  Qxa3 {[%clk 0:49:41]} 17. Rxb2 {[%clk 0:23:30]}  Qxb2 {[%clk 0:50:08]} 18. Bc3 {[%clk 0:23:52]}  Qc1+ {[%clk 0:46:17]} 19. Bd1 {[%clk 0:24:14]}  Ba6 {[%clk 0:45:46]} 20. O-O {[%clk 0:18:19]}  O-O-O {[%clk 0:44:19]} 21. Bh5 {[%clk 0:15:33]}  Qh6 {[%clk 0:43:36]} 22. Bxf7 {[%clk 0:12:58]}  Rd3 {[%clk 0:39:10]} 23. Qe5 {[%clk 0:11:54]}  Rhd8 {[%clk 0:39:05]} 24. Ba5 {[%clk 0:11:21]}  R8d6 {[%clk 0:37:56]} 25. Qh8+ {[%clk 0:08:22]}  Kb7 {[%clk 0:38:17]} 26. Rb1+ {[%clk 0:08:50]}  Bb5 {[%clk 0:38:32]} 27. Qa1 {[%clk 0:09:16]}  e3 {[%clk 0:34:38]} 28. cxb5 {[%clk 0:07:12]}  exf2+ {[%clk 0:34:31]} 29. Kh1 {[%clk 0:07:40]}  c5 {[%clk 0:34:25]} 30. Be8 {[%clk 0:06:36]}  Qf8 {[%clk 0:33:45]} 31. Bc6+ {[%clk 0:06:52]}  Kc8 {[%clk 0:34:02]} 32. h3 {[%clk 0:00:33]}  Rd1+ {[%clk 0:33:32]} 33. Rxd1 {[%clk 0:01:01]}  Rxd1+ {[%clk 0:33:43]} 34. Qxd1 {[%clk 0:01:27]}  f1=Q+ {[%clk 0:33:55]} 35. Qxf1 {[%clk 0:01:56]}  Qxf1+ {[%clk 0:34:03]} 36. Kh2 {[%clk 0:02:25]}  Qf4+ {[%clk 0:33:10]} 37. Kg1 {[%clk 0:02:38]}  Qe3+ {[%clk 0:33:25]} 38. Kf1 {[%clk 0:02:41]}  c4 {[%clk 0:33:54]} 0-1

[Event "45th FIDE Chess Olympiad Open"]
[Site "Budapest, Hungary"]
[Date "2024.09.20"]
[Round "9"]
[White "Gavarrete, Joel"]
[Black "Moayad, Anas"]
[Result "1-0"]
[Board "223"]
[WhiteFideId "8401160"]
[BlackFideId "9011900"]
[WhiteElo "2059"]
[BlackElo "2016"]
[WhiteTeam "Honduras"]
[BlackTeam "Morocco"]
[WhiteClock "0:18:35"]
[BlackClock "0:00:53"]
[Variant "Standard"]

1. Nf3 {[%clk 1:30:54]}  Nf6 {[%clk 1:30:19]} 2. b3 {[%clk 1:31:07]}  c5 {[%clk 1:27:21]} 3. Bb2 {[%clk 1:31:09]}  Nc6 {[%clk 1:27:30]} 4. e3 {[%clk 1:29:26]}  e6 {[%clk 1:25:34]} 5. Be2 {[%clk 1:28:52]}  Be7 {[%clk 1:24:29]} 6. O-O {[%clk 1:28:26]}  O-O {[%clk 1:24:50]} 7. d4 {[%clk 1:28:22]}  d5 {[%clk 1:19:33]} 8. Nbd2 {[%clk 1:23:28]}  b6 {[%clk 1:14:22]} 9. c4 {[%clk 1:20:03]}  Bb7 {[%clk 1:02:58]} 10. Rc1 {[%clk 1:15:55]}  Rc8 {[%clk 0:59:33]} 11. cxd5 {[%clk 1:12:55]}  Qxd5 {[%clk 0:53:01]} 12. dxc5 {[%clk 1:12:56]}  Bxc5 {[%clk 0:52:49]} 13. Nc4 {[%clk 1:09:13]}  Rfd8 {[%clk 0:43:42]} 14. Qxd5 {[%clk 1:07:52]}  Rxd5 {[%clk 0:44:10]} 15. Rfd1 {[%clk 0:55:56]}  Rcd8 {[%clk 0:41:35]} 16. Rxd5 {[%clk 0:54:34]}  Rxd5 {[%clk 0:37:11]} 17. Nfe5 {[%clk 0:47:37]}  Nxe5 {[%clk 0:24:40]} 18. Bxe5 {[%clk 0:47:35]}  Ne4 {[%clk 0:11:39]} 19. Bb8 {[%clk 0:44:57]}  a6 {[%clk 0:05:45]} 20. a3 {[%clk 0:32:54]}  Rd8 {[%clk 0:01:20]} 21. Ba7 {[%clk 0:31:18]}  Rc8 {[%clk 0:01:07]} 22. Nxb6 {[%clk 0:29:01]}  Rd8 {[%clk 0:00:32]} 23. b4 {[%clk 0:28:41]}  Bf8 {[%clk 0:00:43]} 24. f3 {[%clk 0:25:27]}  Nf6 {[%clk 0:00:37]} 25. Rc7 {[%clk 0:23:41]}  Rd2 {[%clk 0:00:40]} 26. Kf1 {[%clk 0:24:05]}  Bd5 {[%clk 0:00:44]} 27. e4 {[%clk 0:22:49]}  Bb3 {[%clk 0:00:44]} 28. Rc3 {[%clk 0:22:45]}  Bd1 {[%clk 0:00:35]} 29. Bxa6 {[%clk 0:22:57]}  Ra2 {[%clk 0:00:41]} 30. e5 {[%clk 0:18:39]}  Nd5 {[%clk 0:01:03]} 31. Nxd5 {[%clk 0:18:32]}  exd5 {[%clk 0:01:18]} 32. Rc8 {[%clk 0:18:26]}  Rc2 {[%clk 0:00:53]} 33. Bc5 {[%clk 0:18:35]} 1-0